Statistics for 2012 Champions League Final Bayern Munich - Chelsea

Click here to take the quiz!

General Stats

  • This quiz has been taken 565 times
  • The average score is 18 of 28

Answer Stats

Player% Correct
Didier Drogba ¹
97%
Philipp Lahm
97%
Manuel Neuer
95%
Petr Čech
92%
Thomas Müller ¹
92%
Arjen Robben
90%
Franck Ribéry
89%
Frank Lampard
88%
Jérôme Boateng
87%
Bastian Schweinsteiger
82%
Ashley Cole
81%
Mario Gómez
79%
Gary Cahill
72%
David Luiz
64%
Juan Mata
61%
Roberto Di Matteo
56%
John Obi Mikel
54%
José Bosingwa
54%
Salomon Kalou
54%
Ryan Bertrand
52%
Toni Kroos
52%
Jupp Heynckes
50%
Florent Malouda
47%
Fernando Torres
43%
Ivica Olić
35%
Daniel Van Buyten
33%
Diego Contento
22%
Anatoliy Tymoshchuk
15%

Score Distribution

Percentile by Number Answered

Percent of People with Each Score

Your Score History

You have not taken this quiz